|
|
|
|
| LEADER |
00662nta a2200169 i 4500 |
| 001 |
dipl30611 |
| 005 |
20110711081532.0 |
| 008 |
110711s2007 hu om 0|| zxx d |
| 040 |
|
|
|a SZTE Diploma Repozitórium
|b hun
|
| 041 |
|
|
|a zxx
|
| 100 |
2 |
|
|a Almásiné Papp Mária
|
| 245 |
1 |
2 |
|a A fogyasztóvédelem intézményrendszere
|h [elektronikus dokumentum] /
|c Mária Almásiné Papp
|
| 246 |
1 |
0 |
|a Institutions of Consumer Protection
|h [elektronikus dokumentum]
|
| 260 |
|
|
|c 2007-09
|
| 650 |
|
4 |
|a Jogi és igazgatási tanulmányok
|
| 700 |
1 |
|
|a Zámbó Géza
|e ths
|
| 856 |
4 |
0 |
|u http://diploma.bibl.u-szeged.hu/id/eprint/30611/1/2007_almasine_papp_maria_333_2007.pdf
|z Dokumentum-elérés
|